000 00449nam a22001817a 4500
003 CEME
005 20210628205039.0
008 210224b xxu||||| |||| 00| 0 eng d
020 _a0-02-410622-4
040 _c.
082 _a621.381 SIM'I
100 _aSimpson, Colin D
_973607
245 _aIndusrial electronics
260 _aNEWJERSCY
_bPRENTICE HALL
_c1996
300 _a689P
650 _aINDUSTRIAL ELECTRONICS
_91679
942 _cBK
_2ddc
999 _c579286
_d579286